00594cam a22001692 4500001001100000005001700011008004100028040001500069110006100084245008100145250001300226260004200239300001800281610006300299610005900362852000300421000002482120151217155917.0140212s xx 000 0 eng d aKABUcKABU2 aKenya.bMinistry of Devolution and Planning.@000018505810aNyandarua County development profile /cMinistry of Devolution and Planning. a1st ed. aNairobi :bGovernment Printer,c2013. axviii, 104 p.20aNyandarua County (Kenya)xEconomic conditions.@000018508920aNyandarua County (Kenya)xEconomic policy.@00001850891